UBT Library

Quantum fitness : (Record no. 42222)

000 -LEADER
fixed length control field 00591pam a2200217 a 4500
001 - CONTROL NUMBER
control field 950611
005 - DATE AND TIME OF LATEST TRANSACTION
control field 20180209035946.0
008 - FIXED-LENGTH DATA ELEMENTS--GENERAL INFORMATION
fixed length control field 840130s1984 nyua b 000 0 eng
010 ## - LIBRARY OF CONGRESS CONTROL NUMBER
LC control number 84002165
020 ## - INTERNATIONAL STANDARD BOOK NUMBER
International Standard Book Number 0671509039 :
Terms of availability $12.95
040 ## - CATALOGING SOURCE
Original cataloging agency DLC
Transcribing agency DLC
Modifying agency DLC
041 ## - LANGUAGE CODE
Language code of text/sound track or separate title eng
080 ## - UNIVERSAL DECIMAL CLASSIFICATION NUMBER
Universal Decimal Classification number 613.7 dar
082 00 - DEWEY DECIMAL CLASSIFICATION NUMBER
Classification number 613.7 dar
Edition number 19
100 1# - Rafti
Rafti 49
101 ## - Shkurtesa
Shkurtesa psi
245 10 - TITLE STATEMENT
Title Quantum fitness :
Statement of responsibility, etc Irving Dardik, Denis Waitley.
504 ## - BIBLIOGRAPHY, ETC. NOTE
Bibliography, etc Bibliography: p. 177-179.
906 ## - LOCAL DATA ELEMENT F, LDF (RLIN)
a 7
b cbc
c orignew
d 1
e ocip
f 19
g y-gencatlg
942 ## - ADDED ENTRY ELEMENTS (KOHA)
Source of classification or shelving scheme
Item type Books
Holdings
Withdrawn status Lost status Source of classification or shelving scheme Damaged status Not for loan Collection code Permanent location Current location Shelving location Date acquired Total Checkouts Full call number Barcode Date last seen Price effective from Koha item type
          Koleksioni i përgjithshem UBT - Lipjan UBT - Lipjan Koleksioni i përgjithshem 02/09/2018   613.7 dar 002-2999163 02/09/2018 02/09/2018 Books
UBT Library © 2015-2024. All rights reserved University Education for Business and Technology